Loading...

इककीसवि सदी का पर्यावरन आन्दोलन चिंतन के विविध आयाम

Bibliographic Details
Main Author: यादव, वीरेन्द्र सिंह
Other Authors: Veerendra singh yadav
Format: Printed Book
Published: Delhi Amoga 2010
Subjects:
LEADER 00863nam a22001697a 4500
020 |a 9788184552423 
082 |a H333.7  |b YAD/I 
100 |a यादव, वीरेन्द्र सिंह  
245 |a इककीसवि सदी का पर्यावरन आन्दोलन चिंतन के विविध आयाम  
260 |a Delhi  |b Amoga  |c 2010 
300 |a 317p. 
650 |a ikkisvi sadi ka paryavaran aandolan chinthan ke vividh aayam 
700 |a Veerendra singh yadav 
942 |c BK 
999 |c 35699  |d 35699 
952 |0 0  |1 0  |4 0  |6 H_333_700000000000000_YADI  |7 0  |8 Stack  |9 37786  |a KUCL  |b KUCL  |c Stack  |d 2015-10-31  |l 2  |m 1  |o H333.7 YAD/I  |p 31576  |r 2018-04-04  |s 2018-01-12  |w 2015-10-31  |y BK 
952 |0 0  |1 0  |4 0  |6 H_333_700000000000000_YADI  |7 0  |8 Stack  |9 43404  |a KUCL  |b KUCL  |c H  |d 2016-07-08  |l 3  |m 1  |o H333.7 YAD/I  |p 35699  |r 2019-11-28  |s 2019-11-06  |w 2016-07-08  |y BK